| 000 | 00494nam a2200169Ia 4500 | ||
|---|---|---|---|
| 008 | 240729s9999 xx 000 0 und d | ||
| 022 | _a2682-2954 | ||
| 245 | 0 | _aKafrelsheikh Veterinary Medical Journal | |
| 260 | _aEgypt | ||
| 260 | _bKafrelsheikh University, Faculty of Veterinary Medicine | ||
| 650 | _a Animal culture | ||
| 650 | _a Veterinary medicine | ||
| 650 | _aAgriculture | ||
| 856 | _uhttps://doaj.org/toc/fe703f044c114ac8839b490f31b80373 | ||
| 942 | _2ddc | ||
| 942 | _cDOAJEJ | ||
| 999 |
_c68646 _d68646 |
||
| 945 |
_a1 _bMadushi Gamage _c1 _dMadushi Gamage |
||